| 000 | 00736nam a22002297a 4500 | ||
|---|---|---|---|
| 999 |
_c20787 _d20787 |
||
| 003 | AR-CdUCM | ||
| 008 | 190605b ||||| |||| 00| 0 spa d | ||
| 020 | _a84-253-0370-2 | ||
| 040 |
_aMUNICIPALIDAD PROVINCIAL DEL CUSCO _cBIBLIOTECA MUNICIPAL DEL CUSCO |
||
| 082 |
_a818.5 / _bW21 _22ed |
||
| 100 |
_aWallace, Irving _911819 |
||
| 245 | _aEl premio Nóbel / | ||
| 260 |
_aBarcelona : _bGrijalbo, _c1962. |
||
| 300 |
_a536 páginas ; _c20 cm. |
||
| 500 | _a[libro reempastado] | ||
| 505 | _aContenido: En reconocimiento de -- Doctor Claude Marceau... | ||
| 650 |
_aPremio Nobel _9357 |
||
| 650 |
_aJacobsson _943412 |
||
| 700 |
_aTrejo Gonzalez, Horacio y Margarita (traducción) _943413 |
||
| 942 |
_2ddc _cLIBROS |
||
| 945 | _aAndy | ||